<The> Identification and solution of problem areas of the rural municipalities development with regard to the civic and technological equipment
Problematické okruhy rozvoja vidieckych obcí v ČR vyžadujúce riešenia sú zvlášť tieto: nedostatočná dopravná obslužnosť, neexistujúca kooperácia pozemnej dopravy a vzájomné krytie strát, nedostatočná technická vybavenosť obcí, zaistenie trvalej podpory rozvoja vidieka, zaistenie väzieb na spádové ob...
Na minha lista:
| Autor principal: | |
|---|---|
| Formato: | Capítulo de Livro |
| Idioma: | inglês |
| Assuntos: | |
| Tags: |
Sem tags, seja o primeiro a adicionar uma tag!
|
MARC
| LEADER | 00000naa a2200000 4500 | ||
|---|---|---|---|
| 001 | r047760 | ||
| 005 | 20231004091436.0 | ||
| 041 | 0 | |a eng | |
| 044 | |a CZ | ||
| 245 | 1 | 0 | |a <The> Identification and solution of problem areas of the rural municipalities development with regard to the civic and technological equipment |c Marcela Vosejpková |
| 520 | |a Problematické okruhy rozvoja vidieckych obcí v ČR vyžadujúce riešenia sú zvlášť tieto: nedostatočná dopravná obslužnosť, neexistujúca kooperácia pozemnej dopravy a vzájomné krytie strát, nedostatočná technická vybavenosť obcí, zaistenie trvalej podpory rozvoja vidieka, zaistenie väzieb na spádové oblasti - mikroregióny, zriaďovanie nadácií, dekompozícia cieľov rozvoja vidieka, verejná správa. Rešpektovanie navrhnutých okruhov riešenia v obciach napomôže k zníženiu regionálnych disparít vidieka. | ||
| 610 | 2 | 0 | |a politika regionálna |
| 610 | 2 | 0 | |a vidiek |
| 610 | 2 | 0 | |a Česko |
| 610 | 2 | 0 | |a rozvoj regionálny |
| 610 | 2 | 0 | |a rozvoj územný |
| 610 | 2 | 0 | |a obce |
| 610 | 2 | 0 | |a vybavenosť občianska |
| 610 | 2 | 0 | |a vybavenosť technická |
| 610 | 2 | 0 | |a podpory |
| 610 | 2 | 0 | |a programy rozvojové |
| 100 | 1 | |a Vosejpková, Marcela | |